Strategic management: building and sustaining competitive advantage (Record no. 401639)

000 -LEADER
fixed length control field 00601cam a22001697a 4500
008 - FIXED-LENGTH DATA ELEMENTS--GENERAL INFORMATION
fixed length control field 180718b2003 xxu||||| |||| 00| 0 eng d
020 ## - INTERNATIONAL STANDARD BOOK NUMBER
International Standard Book Number 0324116896
082 ## - DEWEY DECIMAL CLASSIFICATION NUMBER
Classification number T300x73 P686
100 ## - MAIN ENTRY--PERSONAL NAME
Personal name Pitts, Robert A.
245 ## - TITLE STATEMENT
Title Strategic management: building and sustaining competitive advantage
Statement of responsibility, etc. by Robert A. Pitts and David Lei
260 ## - PUBLICATION, DISTRIBUTION, ETC.
Place of publication, distribution, etc. Ohio
Name of publisher, distributor, etc. South Western
Date of publication, distribution, etc. 2003
300 ## - PHYSICAL DESCRIPTION
Extent 555p.
650 ## - SUBJECT ADDED ENTRY--TOPICAL TERM
Topical term or geographic name entry element Competition --United States --Case studies
650 ## - SUBJECT ADDED ENTRY--TOPICAL TERM
Topical term or geographic name entry element Industrial management --United States --Case studies
650 ## - SUBJECT ADDED ENTRY--TOPICAL TERM
Topical term or geographic name entry element Strategic planning --United States --Case studies
700 ## - ADDED ENTRY--PERSONAL NAME
Personal name Lei, David
Holdings
Withdrawn status Lost status Damaged status Not for loan Permanent Location Current Location Date acquired Full call number Barcode Date last seen Price effective from Koha item type
        Indian Institute of Public Administration Indian Institute of Public Administration 2003-08-27 T300x73 P686 78828 2018-07-21 2018-07-21 Book

Powered by Koha